000 00782nam a2200265 i 4500
001 84724
003 ES-MaACL
005 20250829112157.0
007 t|
008 041123s1976 sp ||||1| spa d
020 _a84-281-0306-2
080 _a811.922
100 1 _aJanton, Pierre.
_966065
245 1 3 _aEl esperanto /
_cPierre Janton ; [versión y adaptación de Damiá de Bas].
250 _a1ª ed.
260 _aVilassar de Mar :
_bOikos-Tau,
_c1976.
300 _a144 p. ;
_c18 cm.
490 1 _a¿Qué se? ;
_v113. Lingüística
504 _aBibliografía: p. [144]
650 4 _aEsperanto.
_912494
700 1 _aBas, Damià de.
_926226
830 1 _a¿Qué sé?
_v113. Lingüística
_9181382
852 4 _aES-MaACL
_jL-7948
999 _c84724
_d84724